| 000 | 01170pam a2200277 a 4500 | ||
|---|---|---|---|
| 005 | 20260322212053.0 | ||
| 008 | data | ||
| 010 | _a 2004009895 | ||
| 020 | _a0316710628 | ||
| 020 | _a9780316710626 | ||
| 040 |
_aDLC _cDLC _dC#P _dNSB _dJQF _dC#P |
||
| 050 | 0 | 0 |
_aPS3566.A822 _bH66 2005 |
| 099 | _aPATTEJ | ||
| 100 | 1 |
_aPatterson, James, _d1947- |
|
| 245 | 1 | 0 |
_aHoneymoon : _ba novel / _cJames Patterson & Howard Roughan. |
| 250 | _a1st ed. | ||
| 260 |
_aNew York : _bLittle, Brown and Co., _c2005. |
||
| 300 |
_a393 p. ; _c25 cm. |
||
| 520 | _aWhen a number of rich men come to a mysterious end, and a young investment banker dies of a supposed heart attack, FBI agent John O'Hara believes it is the work of a cold-blooded killer. Turning his eye to the only witness - the young banker's beautiful and secretive widow - O'Hara thinks he's closing in, but he's not sure whether he's pursuing justice or his own fatal obsession. | ||
| 650 | 0 |
_aInvestment bankers _xCrimes against _vFiction. |
|
| 650 | 0 |
_aWomen interior decorators _vFiction. |
|
| 650 | 0 |
_aGovernment investigators _vFiction. |
|
| 650 | 0 |
_aWitnesses _vFiction. |
|
| 700 | 1 | _aRoughan, Howard. | |
| 001 | data | ||
| 999 |
_c1256 _d1256 |
||